书目信息 |
| 题名: |
非线性光学
|
|
| 作者: | 钱士雄 , 王恭明 编著 | |
| 分册: | ||
| 出版信息: | 上海 复旦大学出版社 2001 |
|
| 页数: | 579页 | |
| 开本: | 26cm | |
| 丛书名: | ||
| 单 册: | ||
| 中图分类: | O437 | |
| 科图分类: | ||
| 主题词: | 非线性光学 | |
| 电子资源: | ||
| ISBN: | 7-309-02953-4 | |
| 000 | 00705nam0 2200229 45 | |
| 001 | 040000001578 | |
| 005 | 20050913162226.09 | |
| 010 | @a7-309-02953-4@dCNY56.00 | |
| 100 | @a20031221e20022001ekmy0chiy0120 ea | |
| 101 | 0 | @achi |
| 102 | @aCN@b310000 | |
| 105 | @aak z 000yy | |
| 200 | 1 | @a非线性光学@Afei xian xing guang xue@e原理与进展@f钱士雄,王恭明编著@Fqian shi xiong,wang gong ming bian zhu |
| 210 | @a上海@c复旦大学出版社@d2001 | |
| 215 | @a579页@c图@d26cm | |
| 517 | 1 | @a原理与进展@Ayuan li yu jin zhan |
| 606 | 0 | @a非线性光学 |
| 690 | @aO437@v4 | |
| 701 | 0 | @a钱士雄@Aqian shi xiong@4编著 |
| 701 | 0 | @a王恭明@Awang gong ming@4编著 |
| 801 | 0 | @aCN@bTSSF@c20050913 |
| 905 | @a10447@dO437@e31 | |
| 非线性光学:原理与进展/钱士雄,王恭明编著.-上海:复旦大学出版社,2001 |
| 579页:图;26cm |
| ISBN 7-309-02953-4:CNY56.00 |
| ● |
| 相关链接 |
|
|
|
|
正题名:非线性光学
索取号:O437/31
 
预约/预借
| 序号 | 登录号 | 条形码 | 馆藏地/架位号 | 状态 | 备注 |
| 1 | 0360814 | 3608144 | 第二样本阅览室/ [索取号:O437/31] | 在馆 | |
| 2 | 0360815 | 3608153 | 第三借阅区/ [索取号:O437/31] | 在馆 | |
| 3 | 0360816 | 3608162 | 第三借阅区/ [索取号:O437/31] | 在馆 |